000 00337nam a22001457a 4500
003 OSt
008 250502b |||||||| |||| 00| 0 eng d
100 _aSHASHTRI,Acharya Chandershekhar
245 _aBAHJANANJALI
250 _a24th
260 _aNew Delhi
_bArya Prakshan
_c2024
300 _a120
650 _aGeneral
942 _2ddc
_cBK
999 _c13500
_d13500